Statistiques concernant Disney paroles - Tendre rêve (Cendrillon)

Cliquez ici pour prendre le quiz!

Statistiques générales

  • Ce quiz a été pris 92 fois
  • Le résultat moyen est 94 sur 115

Statistiques - réponses

Réponse% Correct
Le
100%
le
100%
rêve
100%
la
99%
d'une
96%
vie,
96%
vie
96%
a
95%
c'est
95%
l'amour.
95%
coeur
94%
me
94%
de
92%
en
92%
même,
92%
même.
92%
Même
92%
si
91%
croire
88%
dans
88%
faut
88%
il
88%
qui
88%
y
88%
l'âme
87%
Les
87%
nos
87%
peine,
87%
quand
87%
rêves
87%
ton
87%
ma
86%
nuit,
86%
coeurs.
84%
Au
82%
doux
81%
et
81%
Et
81%
sommeillent
81%
toujours.
81%
bonheur
79%
creux
79%
secret
77%
soleil
77%
brillera
75%
Je
75%
demain,
74%
des
74%
Mais
74%
mon
74%
chagrins
73%
rêver.
71%
ne
69%
donne
68%
l'horloge
68%
ordres.
68%
Cendrillon !
65%
habillent
64%
Ecoute
62%
travail !
62%
cette
61%
jamais
61%
jour,
61%
Oh
61%
Oui !
61%
personne
61%
Debout !
60%
Lève-toi
60%
horloge !
58%
pourra
57%
vrai.
56%
deviendra
55%
m'interdire
55%
l'oublie.
53%
Quelle
53%
entendue !
52%
peut-être
52%
qu'un
52%
rabat-joie !
52%
t'ai
52%

Distribution des résultats

Percentile par nombre de réponses

% des personnes avec chaque résultat

Votre développement - résultats

Vous n’avez pas pris ce quiz